000 00342nam a2200109Ia 4500
008 171211s9999 xx 000 0 und d
245 _aCMOS Analog Integrated Circuits: High-Speed and Power-Efficient Design
245 _cTertulien Ndjountche
260 _c2011
650 _xANIMALS
856 _uhttp://down.ebook777.com/041/9781439854914.pdf
999 _c348515
_d348515